| 000 | 00903nam a2200241 a 4500 | ||
|---|---|---|---|
| 001 | 000005343 | ||
| 005 | 20200929151640.0 | ||
| 008 | 090819s1988 sp 001 0 spa d | ||
| 020 | _a8400068033 | ||
| 040 |
_aDO-SdBNP _bspa _cBNPHU |
||
| 082 |
_axxxx _bL864t |
||
| 100 | 1 |
_aLópez Piñero, José María _915148 |
|
| 245 | 1 | 4 |
_aLos temas polémicos de la medicina renacentista : _blas controversias (1556), de Francisco Valles / _cJosé María López Piñero, Francisco Calero. |
| 260 |
_aMadrid, España : _bCSIC, _c1988. |
||
| 300 |
_a458 p. ; _c22 cm. |
||
| 490 | 1 |
_aEstudios sobre la ciencia _v1 |
|
| 500 | _aIncluye índice onomástico | ||
| 504 | _aIncluye referencias bibliográficas y notas al pie de las páginas | ||
| 700 | 1 |
_aCalero, Francisco _915149 |
|
| 710 | 1 |
_aConsejo Superior de Investigaciones Científicas _94786 |
|
| 830 | 0 |
_aEstudios sobre la ciencia _n1 _915150 |
|
| 049 | _aBNPD | ||
| 999 |
_c5144 _d5144 |
||